000
00333 a2200145 4500
001
156147
040
_c
Escola São Tomás de Aquino
240
1
0
_a
A bela adormecida
_l
por
245
1
0
_a
A bela adormecida
300
_a
24
362
0
_a
1991
440
1
_a
FTD
697
_a
Contos de Fadas e Clássicos da Literatura
942
_c
BK
999
_c
156147
_d
156147